000
00349 a2200169 4500
001
56813
020
_a
9788526008885
040
_c
Anchieta - Pituba
100
_a
Galdino, Luiz
240
1
0
_a
Primeiro amor
_l
por
245
1
0
_a
Primeiro amor
300
_a
74
362
0
_a
2005
440
1
_a
Global
650
4
_a
Literatura juvenil
942
_c
BK
999
_c
56813
_d
56813